El rostro de la violencia social y estructural: la delincuencia y la pobreza como expresiones distintas de una vulnerabilidad común = The face of social and structural violence: crime and poverty as diferent expressions of a common vulnerability /
Se pretende analizar los cimientos del fenómeno de la violencia social y estructural, con el fin de desmitificar cualquier posible relación causal entre pobreza y delincuencia, procurando además su reconocimiento como manifestaciones de un mismo proceso de vulnerabilidad. Posterior a un recorrido, s...
Salvato in:
| Autore principale: | |
|---|---|
| Altri autori: | |
| Natura: | testo |
| Soggetti: | |
| Tags: |
Aggiungi Tag
Nessun Tag, puoi essere il primo ad aggiungerne!!
|
MARC
| LEADER | 00000 a a2200000 04500 | ||
|---|---|---|---|
| 001 | 44407 | ||
| 003 | |||
| 040 | |||
| 100 | |a Castillo Vargas, Andrés | ||
| 245 | |a El rostro de la violencia social y estructural: la delincuencia y la pobreza como expresiones distintas de una vulnerabilidad común = |b The face of social and structural violence: crime and poverty as diferent expressions of a common vulnerability / |c Andrés Castillo Vargas, Xiomara Castro Chaves | ||
| 500 | |a andres.castillo@ucr.ac.cr |a xiobs@yahoo.es | ||
| 520 | |a Se pretende analizar los cimientos del fenómeno de la violencia social y estructural, con el fin de desmitificar cualquier posible relación causal entre pobreza y delincuencia, procurando además su reconocimiento como manifestaciones de un mismo proceso de vulnerabilidad. Posterior a un recorrido, se concluye que la idea distorsionada de que las personas delincuentes son pobres, invisibiliza la vulnerabilidad social de determinados grupos y lleva a obviar la ocurrencia de determinados delitos. | ||
| 590 | |a KSR/ABRIL2013 | ||
| 650 | |a VIOLENCIA | ||
| 650 | |a POBREZA | ||
| 650 | |a DELINCUENCIA | ||
| 650 | |a GRUPOS VULNERABLES | ||
| 650 | |a ESTRATIFICACION SOCIAL | ||
| 650 | |a PROBLEMATICAS SOCIALES | ||
| 700 | |a Castro Chaves, Xiomara | ||
| 773 | |g número133 ( , 2011), páginas 113-124 | ||
| 999 | |c 39040 |d 39040 | ||
| 773 | 0 | |0 18728 |9 3015 |a Universidad de Costa Rica |d San José, Costa Rica Editorial UCR 1956- |o 15155 |t Revista de Ciencias Sociales/ |x 04825276 | |
